000
00278nam a22001337a 4500
020
_a
9780132471312
041
_a
ENG
100
_a
Toro.V.D
245
_a
Electrical Engineering Fundamentals
260
_a
Delhi
_b
Pearson
_c
2018
300
_a
921
650
_a
EOES
856
_u
EOES
999
_c
45
_d
45